000 00301nam a22001337a 4500
008 181031b xxu||||| |||| 00| 0 eng d
020 _a9780810375734
041 _aeng
080 _a370
100 _a49
101 _aEDU
245 _aProfesional Careers Surce BOOK
_cjOSEPH.k
942 _2udc
_cBK
999 _c51349
_d51349